Jumping Around Geography #8 - Statistics

General Stats
  • This quiz has been taken 127 times
  • The average score is 17 of 23
Answer Stats
# Hint Answer % Correct
U Fastest runner in the world Usain Bolt
96%
M Country whose capital ends in 'City' Mexico
93%
N Country close to B Nepal
93%
B Country with highest average elevation Bhutan
92%
E Tallest mountain in N Everest
92%
G M's border Guatemala
92%
J Where U is from Jamaica
92%
R Capital of Morocco Rabat
90%
C Most populous city of R's country Casablanca
89%
O Capital of the United States' northern border Ottawa
89%
T Region of China that also has E Tibet
84%
Y One of M's most famous peninsulas Yucatan
84%
A Graveyard of empires Afghanistan
82%
P Country in the same region as G Panama
82%
D Leader of T Dalai Lama
80%
F City less populous than C and R Fez
78%
K Capital of A Kabul
78%
S Country with the most islands Sweden
75%
L Capital of T Lhasa
66%
V One of the biggest islands of O's country Victoria
47%
Q Currency of G Quetzal
46%
H Province of S Halland
7%
I Translation of Y according to the legend I don't understand you
6%
No matching quizzes found
Score Distribution
Percent of People with Each Score
Percentile by Number Answered
Your Score History
You have not taken this quiz